000 00732nam a22002777a 4500
001 BR9606122
003 BR-BrBNA
005 20230928095256.0
007 ta
008 230509b bl.||||| |||| 00| 0 por d
040 _aBR-BrBNA
_bpor
_cBiblioteca Nacional de Agricultura
041 _a(Por)
072 _aF01; F04
_b0120
_b3575
090 _ 0120 BR9606122
110 1 _aCiba Sementes, Sao Paulo, SP (Brasil)
_91902
245 1 _aManual tecnico de produtos
260 3 _aSao Paulo, SP (Brasil):
_c[nd].
300 _a65 p.
650 _aMilho
650 _aSemente
650 _aHibrido
650 _aCaracteristicas Agronomicas
650 _aEpoca de Plantio
909 _a202309
_bLucia
_c55
_dLucia Elande
942 _cBK
999 _c55584
_d55584